მსოფლიოს სახელმწიფოები - Statistics

General Stats
  • This quiz has been taken 218 times
  • The average score is 90 of 197
Answers on the Map
Answers color-coded by a green-red scale on the quiz's map according to % correct below.
 
Answer Stats
ქვეყანა % Correct
კანადა
84%
ამერიკის შეერთებული შტატები
83%
იტალია
80%
ბრაზილია
78%
გერმანია
78%
არგენტინა
77%
საქართველო
76%
აზერბაიჯანი
74%
ბელგია
74%
რუსეთი
74%
ჩინეთი
73%
ირანი
73%
უკრაინა
73%
ბელარუსი
72%
ირლანდია
72%
ლატვია
72%
ნიდერლანდები
72%
ისლანდია
70%
მადაგასკარი
69%
ნორვეგია
69%
სომხეთი
68%
ჩილე
68%
თურქეთი
68%
ავსტრალია
67%
კუბა
67%
მექსიკა
67%
გაერთიანებული სამეფო
67%
პერუ
66%
შვედეთი
66%
ალბანეთი
65%
დანია
65%
საფრანგეთი
65%
ინდოეთი
65%
ისრაელი
65%
საუდის არაბეთი
65%
ესპანეთი
65%
ავსტრია
64%
ბულგარეთი
64%
პორტუგალია
64%
სირია
64%
ცენტრალური აფრიკის რესპუბლიკა
63%
ფინეთი
63%
მონღოლეთი
63%
სუდანი
63%
კოლუმბია
61%
ჩრდილოეთ მაკედონია
61%
სამხრეთ კორეა
61%
ეგვიპტე
60%
ესტონეთი
60%
იაპონია
60%
ყაზახეთი
60%
ლიბია
60%
პაკისტანი
60%
პანამა
60%
ურუგვაი
60%
ბოლივია
59%
ბოსნია და ჰერცეგოვინა
59%
საბერძნეთი
59%
ლიეტუვა
59%
მოლდოვა
59%
ნიჟერი
59%
კოსოვო
58%
პოლონეთი
58%
შვეიცარია
58%
ჩეხეთი
57%
ჩრდილოეთ კორეა
57%
ალჟირი
56%
სლოვენია
56%
სომალი
56%
კვიპროსი
55%
ერაყი
55%
მაროკო
55%
რუმინეთი
55%
უზბეკეთი
55%
ანდორა
53%
ეკვადორი
53%
ინდონეზია
53%
სერბეთი
53%
ვატიკანი
53%
ხორვატია
52%
მონაკო
52%
ნეპალი
52%
ახალი ზელანდია
52%
პარაგვაი
52%
სლოვაკეთი
52%
სამხრეთ აფრიკა
52%
ვიეტნამი
52%
თურქმენეთი
51%
კოსტა რიკა
50%
მონტენეგრო
50%
ომანი
50%
ტუნისი
50%
ვენესუელა
50%
ჩადი
49%
კონგოს დემოკრატიული რესპუბლიკა
49%
ეთიოპია
49%
ლუქსემბურგი
49%
ნიგერია
49%
კონგოს რესპუბლიკა
49%
ტაჯიკეთი
49%
იემენი
49%
მალტა
48%
ავღანეთი
47%
ყირგიზეთი
47%
სან მარინო
47%
ბანგლადეში
45%
იორდანია
45%
მალი
45%
შრი ლანკა
45%
ჰაიტი
44%
უნგრეთი
44%
მალაიზია
44%
ტაილანდი
44%
დომინიკა
43%
ნიკარაგუა
43%
ზიმბაბვე
43%
გვინეა
42%
გვატემალა
41%
ჰონდურასი
41%
პაპუა ახალი გვინეა
41%
ფილიპინები
41%
ლაოსი
39%
ყატარი
39%
სამხრეთ სუდანი
39%
ტაივანი
39%
ანგოლა
38%
ბუტანი
38%
ზამბია
38%
ჯიბუტი
36%
კენია
36%
სურინამი
36%
სალვადორი
35%
ქუვეითი
35%
ბელიზი
34%
პალესტინა
34%
მალდივის რესპუბლიკა
34%
ტანზანია
34%
არაბთა გაერთიანებული საამიროები
34%
ერიტრეა
33%
ბარბადოსი
32%
მიანმარი
32%
განა
32%
ლიხტენშტეინი
32%
ნამიბია
32%
უგანდა
32%
ბოტსვანა
31%
კამერუნი
31%
ბენინი
30%
კამბოჯა
30%
ფიჯი
30%
ლიბანი
30%
მოზამბიკი
30%
ტოგო
30%
ანტიგუა და ბარბუდა
28%
ლიბერია
28%
ტრინიდადი და ტობაგო
28%
გაბონი
27%
გამბია
27%
გაიანა
27%
იამაიკა
27%
მალავი
27%
სენეგალი
27%
ბრუნეი
26%
ბურკინა ფასო
25%
გრენადა
25%
ლესოტო
25%
სინგაპური
25%
ნაურუ
24%
სოლომონის კუნძულები
24%
ბურუნდი
23%
კომორის კუნძულები
23%
ბაჰრეინი
22%
სიერა ლეონე
22%
ესვატინი
22%
ტონგა
22%
ბაჰამის კუნძულები
19%
კაბო ვერდე
19%
მიკრონეზია
19%
რუანდა
19%
სეიშელის კუნძულები
19%
ტუვალუ
19%
ვანუატუ
19%
პალაუ
18%
დომინიკის რესპუბლიკა
17%
კირიბატი
17%
მარშალის კუნძულები
17%
მავრიტანია
17%
საო ტომე და პრინსიპე
17%
აღმოსავლეთ ტიმორი
16%
ეკვატორული გვინეა
15%
გვინეა ბისაუ
15%
სამოა
15%
კოტ დ ივუარი
14%
სენტ კიტსი და ნევისი
13%
სენტ ლუსია
11%
სენტ ვინსენტი და გრენადინები
9%
მავრიტი
8%
No matching quizzes found
Score Distribution
Percent of People with Each Score
Percentile by Number Answered
Your Score History
You have not taken this quiz